Jak efektivně realizovat benchmarking

Pokračovanie príspevku z predchádzajúceho čísla. Integračná fáza benchmarkingu.

Gespeichert in:
Bibliographische Detailangaben
1. Verfasser: Nenadál, Jaroslav
Format: Buchkapitel
Sprache:Tschechisch
Schlagworte:
Tags: Tag hinzufügen
Keine Tags, Fügen Sie das erste Tag hinzu!

MARC

LEADER 00000naa a2200000 4500
001 0124342
005 20231012070341.7
041 0 |a cze 
044 |a SK 
245 1 0 |a Jak efektivně realizovat benchmarking  |c Jaroslav Nenadál 
520 |a Pokračovanie príspevku z predchádzajúceho čísla. Integračná fáza benchmarkingu. 
610 2 0 |a benchmarking 
610 2 0 |a efektívnosť ekonomická 
610 2 0 |a výkonnosť 
610 2 0 |a výkony podnikové 
610 2 0 |a komunikácia 
610 2 0 |a riadenie vrcholové 
100 1 |a Nenadál, Jaroslav